Introducción a la estadística matemática (Registro nro. 1286)
[ vista simple ]
| 000 -LEADER | |
|---|---|
| fixed length control field | 01287 a2200229 4500 |
| 001 - CONTROL NUMBER | |
| control field | 25112 |
| 005 - DATE AND TIME OF LATEST TRANSACTION | |
| control field | 20260407155534.0 |
| 008 - FIXED-LENGTH DATA ELEMENTS--GENERAL INFORMATION | |
| fixed length control field | 260407a1968 arg spa d |
| 003 - CONTROL NUMBER IDENTIFIER | |
| control field | AR-UNSa-BCEJYS |
| 040 ## - CATALOGING SOURCE | |
| Original cataloging agency | AR-UNSa-BCEJYS |
| Language of cataloging | spa |
| Transcribing agency | AR-UNSa-BCEJYS |
| 080 ## - UNIVERSAL DECIMAL CLASSIFICATION NUMBER | |
| Universal Decimal Classification number | 519.2 |
| Common auxiliary subdivision | Probabilidades y estadística matemática<br/> |
| 041 ## - LANGUAGE CODE | |
| Language code of text/sound track or separate title | spa |
| 100 1# - MAIN ENTRY--PERSONAL NAME | |
| Personal name | Hoel, Paul G. |
| 245 10 - TITLE STATEMENT | |
| Title | Introducción a la estadística matemática |
| 264 #1 - PRODUCTION, PUBLICATION, DISTRIBUTION, MANUFACTURE, AND COPYRIGHT NOTICE | |
| Place of production, publication, distribution, manufacture | Barcelona : |
| Name of producer, publisher, distributor, manufacturer | Ariel |
| Date of production, publication, distribution, manufacture, or copyright notice | 1968 |
| 300 ## - PHYSICAL DESCRIPTION | |
| Extent | 451 p. |
| Dimensions | 23 cm. |
| 505 ## - FORMATTED CONTENTS NOTE | |
| Formatted contents note | 1. Introducción - 2. Probabilidad - 3. Naturaleza de los métodos estadísticos - 4. Distribuciones de frecuencias de una variable - 5. Distribuciones teóricas de frecuenias de una variable - 6. Teoría general del muestreo para una variable - 7. Correlación y regresión - 8. Distribuciones de frecuencias teóricad para la correlación y regresión - 9. Principios generales de verificación o contrastación de hipótesis y de la estimación - 10. Verificación de la bondad de un ajuste - 11. Distribuciones de las muestras pequeñas - 12. Programación estadística de experimentos - 13. Métodos no paramétricos - 14. Otros métodos. |
| 590 ## - LOCAL NOTE (RLIN) | |
| Local note | niveau_biblio:m niveau_hierar:0 |
| 700 1# - ADDED ENTRY--PERSONAL NAME | |
| Personal name | Barbancho, Alfonso G. |
| 700 1# - ADDED ENTRY--PERSONAL NAME | |
| Personal name | Herranz Yuste, Alejandro |
| 942 ## - ADDED ENTRY ELEMENTS (KOHA) | |
| Koha item type | |
| Withdrawn status | Lost status | Damaged status | Not for loan | Home library | Current library | Shelving location | Date acquired | Total checkouts | Full call number | Barcode | Date last seen | Price effective from | Koha item type |
|---|---|---|---|---|---|---|---|---|---|---|---|---|---|
| Biblioteca Prof. Eusebio Cleto del Rey | Biblioteca Prof. Eusebio Cleto del Rey | 07/04/2026 | 519.2 H694 | L23287 | 07/04/2026 | 07/04/2026 | Libro |